College Football Champions - Statistics

General Stats
  • This quiz has been taken 25 times
  • The average score is 129 of 154
Answer Stats
Season Champion % Correct
1925 | 1979 | 1992 | +5 others Alabama
100%
1964 Alabama/Arkansas/Notre Dame
100%
1930 Alabama/Notre Dame
100%
1961 Alabama/Ohio State
100%
1926 Alabama/Stanford
100%
2017 Alabama/UCF
100%
1978 Alabama/USC
100%
1996 | 2006 | 2008 Florida
100%
1980 | 2021 | 2022 Georgia
100%
1919 Harvard/Illinois/Notre Dame/Texas A&M
100%
1923 Illinois/Michigan
100%
1958 LSU/Iowa
100%
1908 LSU/Pennsylvania
100%
1901 | 1902 | 1933 | +2 others Michigan
100%
1997 Michigan/Nebraska
100%
1904 Michigan/Pennsylvania
100%
1918 Michigan/Pittsburgh
100%
1903 Michigan/Princeton
100%
1965 Michigan State/Alabama
100%
1970 Nebraska/Texas/Ohio State
100%
1973 Notre Dame/Alabama
100%
1942 | 1968 | 2002 | 2014 Ohio State
100%
1957 Ohio State/Auburn
100%
1954 UCLA/Ohio State
100%
1922 California/Cornell/Princeton
96%
1981 | 2016 | 2018 Clemson
96%
2007 | 2019 LSU
96%
2003 LSU/USC
96%
1966 Notre Dame/Michigan State
96%
1974 USC/Oklahoma
96%
1991 Washington/Miami
96%
1993 | 1999 | 2013 Florida State
91%
1912 Harvard/Penn State
91%
1950 | 1955 | 1956 | +3 others Oklahoma
91%
1982 | 1986 Penn State
91%
1911 Penn State/Princeton
91%
1963 | 1969 | 2005 Texas
91%
1875 | 1890 | 1898 | +2 others Harvard
87%
1910 Harvard/Pittsburgh
87%
1896 Lafayette/Princeton
87%
1971 | 1994 | 1995 Nebraska
87%
1924 | 1929 | 1943 | +5 others Notre Dame
87%
1870 | 1872 | 1873 | +6 others Princeton
87%
1869 Princeton/Rutgers
87%
1880 Princeton/Yale
87%
1960 Minnesota/Ole Miss
83%
1990 Colorado/Georgia Tech
78%
1927 Illinois/Yale
78%
1983 | 1987 | 1989 | 2001 Miami
78%
1939 Texas A&M
78%
1931 | 1932 | 1962 | +3 others USC
78%
1952 Michigan State
74%
1874 | 1876 | 1877 | +13 others Yale
74%
2010 Auburn
70%
1921 California/Cornell
70%
1917 | 1928 Georgia Tech
65%
1934 | 1935 | 1936 | +2 others Minnesota
65%
1916 | 1937 | 1976 Pittsburgh
61%
1938 TCU
61%
1920 California
57%
1951 | 1998 Tennessee
57%
1984 BYU
48%
1953 Maryland
48%
1959 Syracuse
48%
1915 Cornell
43%
1914 | 1944 | 1945 Army
35%
1895 | 1897 Pennsylvania
35%
1905 Chicago
26%
No matching quizzes found
Score Distribution
Percent of People with Each Score
Percentile by Number Answered
Your Score History
You have not taken this quiz